00571 2200205 4500001002100000005001500021035002000036007000300056008004100059020002200100082001000122084001600132100002300148245006200171260003400233300003700267650002900304990001600333990001600349INLIS00000000000317920240818100748 a0010-0824000199ta240818 0 ind  a978-602-5973-62-8 a657.8 a657.8 KAR a0 aKartikasari, Dhian1 aAdministrasi Rumah Sakit /cdr. Dhian Kartikasari, S. Ked aMalang :bWineka Media,c2019 a77 hlm :bilus ;c14,5 x 15,5 cm 4aAdministrasi Rumah Sakit a00000005993 a00000005994